Mechanics of fluids / (Record no. 11906)

MARC details
000 -LEADER
fixed length control field 01249cam a2200277 i 4500
001 - CONTROL NUMBER
control field 4629601
003 - CONTROL NUMBER IDENTIFIER
control field EG-ScBUE
005 - DATE AND TIME OF LATEST TRANSACTION
control field 20250522134531.0
008 - FIXED-LENGTH DATA ELEMENTS--GENERAL INFORMATION
fixed length control field 780629s1979 enka fr 001 0 eng
020 ## - INTERNATIONAL STANDARD BOOK NUMBER
International Standard Book Number 0582444950
040 ## - CATALOGING SOURCE
Original cataloging agency EG-ScBUE
Language of cataloging eng
Description conventions rda
Transcribing agency EG-ScBUE
Modifying agency EG-ScBUE
082 04 - DEWEY DECIMAL CLASSIFICATION NUMBER
Classification number 532
Edition number 22
Item number WAL
100 1# - MAIN ENTRY--PERSONAL NAME
Personal name Walshaw, A. C.
Fuller form of name (Arthur Clifford),
Dates associated with a name 1907-
9 (RLIN) 6489
Relator term author.
245 10 - TITLE STATEMENT
Title Mechanics of fluids /
Statement of responsibility, etc A. C. Walshaw, D.Sc., A.C.G.I., C.Eng., F.I.Mech.E. Professor-Emeritus, University of Aston In Birmingham, formerly head of the Department and Professor of Mechanical Engineering and D. A. Jobson, B.Sc., C.Eng., M.I.Mech.E., M.R.Ae.S. Technical Manager, Northern Division, United Kingdom Atomic Energy Authority, Both Formerly Assistant Professor of Applied Mechanics, Royal Naval College, Greenwich.
250 ## - EDITION STATEMENT
Edition statement Third edition, in SI units.
264 #1 - PUBLICATION, DISTRIBUTION, ETC. (IMPRINT)
Place of publication, distribution, etc London :
Name of publisher, distributor, etc Longman,
Date of publication, distribution, etc 1979.
300 ## - PHYSICAL DESCRIPTION
Extent xvii, 599 pages :
Other physical details illustrations ;
Dimensions 24 cm
336 ## - CONTENT TYPE
Source rdacontent
Content type term text
Content type code txt
337 ## - MEDIA TYPE
Media type term unmediated
Source rdamedia
Media type code n
338 ## - CARRIER TYPE
Carrier type term volume
Carrier type code nc
Source rdacarrier
500 ## - GENERAL NOTE
General note Includes index.
650 #7 - SUBJECT ADDED ENTRY--TOPICAL TERM
Topical term or geographic name as entry element Fluid mechanics.
9 (RLIN) 6490
Source of heading or term BUEsh
655 ## - INDEX TERM--GENRE/FORM
Form subdivision Reading book
700 1# - ADDED ENTRY--PERSONAL NAME
Personal name Jobson, Donald Albert,
Relator term author.
9 (RLIN) 6491
942 ## - ADDED ENTRY ELEMENTS (KOHA)
Source of classification or shelving scheme Dewey Decimal Classification
Koha item type Book - Borrowing
Holdings
Withdrawn status Lost status Source of classification or shelving scheme Damaged status Not for loan Collection code Home library Current library Shelving location Date acquired Source of acquisition Cost, normal purchase price Total Checkouts Total Renewals Full call number Barcode Date last seen Date checked out Price effective from Koha item type
    Dewey Decimal Classification     Alef-Baa Central Library Central Library First floor 21/06/2009   150.00 3 2 532 WAL 000016824 15/07/2025 03/12/2017 21/06/2009 Book - Borrowing